|
|
|
|
| LEADER |
00000nta a2200000 i 4500 |
| 001 |
dolg24400 |
| 005 |
20191212113218.0 |
| 008 |
191212suuuu hu om 000 hun d |
| 040 |
|
|
|a BGE Dolgozattár Repozitórium
|b hun
|
| 041 |
|
|
|a hu
|
| 100 |
1 |
|
|a Lenovics Evelin
|
| 245 |
1 |
0 |
|a Marketingstratégia koncepció kialakítása egy vállalkozás számára, kiemelt tekintettel a gyakorlati sajátosságokra
|c Lenovics Evelin
|h [elektronikus dokumentum]
|
| 246 |
1 |
1 |
|a Marketingstratégia koncepció kialakítása egy vállalkozás számára, kiemelt tekintettel a gyakorlati sajátosságokra
|
| 695 |
|
|
|a Marketing
|
| 695 |
|
|
|a Marketingstratégiák
|
| 700 |
1 |
|
|a Zsigmond Száva
|e ths
|
| 700 |
1 |
|
|a Babanics Írisz
|e ths
|
| 856 |
4 |
0 |
|u http://dolgozattar.uni-bge.hu/24400/1/lenovics_evelin_szakdolgozat.pdf
|z Dokumentum-elérés
|